[Event "2nd IMSA Basque 2017-Women"]
[Site "Huaian"]
[Date "2017.12.14"]
[Round "3"]
[White "Ushenina, Anna"]
[Black "Zhao, Xue"]
[Result "0-1"]
[WhiteElo "2416"]
[BlackElo "2477"]
[Annotator "TA"]
[PlyCount "86"]
[EventDate "2017.??.??"]
[EventType "tourn"]
[EventCountry "CHN"]
[SourceTitle "playchess.com"]
[Source "ChessBase"]
[SourceQuality "1"]

{[%evp 18,86,29,-9,27,23,36,7,19,0,0,0,0,0,27,25,27,20,41,27,14,10,37,-34,-34,-39,-40,-35,-38,-29,34,23,122,18,69,76,106,69,77,68,79,-75,0,0,-4,-136,-130,-175,-189,-143,0,-375,-341,-831,-841,-804,-779,-1381,-801,-1331,-764,-739,-752,-821,-808,-6387,-6303,-29994,-29995,-29995,-29996]} 1. d4 Nf6 2. Nf3 e6 3. Bf4 d5 4. e3 c5 5. Nbd2 Nc6 6. c3 cxd4 7. exd4 {D02: 1 d4 d5 2 Nf3 sidelines, including 2...Nf6 3 g3 and 2...Nf6 3 Bf4} Nh5 8. Be3 (8. Be5 f6 9. Bg3 g6 10. Be2 Bg7 11. O-O O-O 12. Qb3 Kh8 13. Rad1 b6 14. Rfe1 Bb7 {0-1 (49) Wang,Y (2699)-Le,Q (2739) Ashkhabad 2017}) 8... Bd6 9. Ne5 g6 10. Bb5 {LiveBook: 6 Games} (10. Ndf3 {is interesting.} f6 11. Ng4 O-O 12. Nh6+ Kh8 13. g3) 10... Bd7 (10... O-O {feels hotter.} 11. Be2 Ng7 12. Ndf3 Nf5 13. Bc1 f6) 11. Nxd7 Qxd7 12. Qf3 $146 ({Predecessor:} 12. O-O O-O 13. Nf3 Qc7 14. Re1 Ng7 {1-0 (50) Nyzhnyk,I (2612)-Yim,S (2172) Las Vegas 2017}) 12... Qc7 13. h3 a6 14. Bxc6+ bxc6 15. O-O Rb8 16. b4 O-O 17. Nb3 f6 18. Bh6 Rf7 19. Qe2 Qc8 20. g4 ({Better is} 20. a3 $14) 20... Bf4 $1 $15 21. gxh5 Bxh6 22. hxg6 Rg7 {White must now prevent ...e5.} 23. Kh1 Rxg6 (23... e5 $11 24. Qh5 Bg5) 24. Rg1 Kg7 (24... e5 $11 {keeps the balance.} 25. Qh5 Bg7) 25. Qh5 (25. Rg4 $1 $16) 25... Qe8 (25... Bg5 $11) 26. Nc5 $14 Bd2 27. Qf3 ({Much worse is} 27. Nxa6 Bxc3 28. Rac1 Rb6 $15) 27... e5 $1 28. Rad1 (28. Nxa6 Rb6 $11) 28... e4 29. Qe2 $2 (29. Qf5 $16 {is necessary to keep the advantage.} Bg5 30. f4 (30. Nxa6 Qc8 $14) 30... exf3 31. Rge1 (31. Qxf3 Qe3 $14)) 29... Bf4 (29... Qc8 $17 {[%cal Rc8h3]} 30. Qh5 Bg5) 30. Rg4 Bd6 31. Nxa6 (31. Rdg1 $11) 31... Ra8 $17 32. Rdg1 f5 $36 {[%mdl 2048] Black has strong initiative.} 33. Rg5 {[#]} Qd8 (33... Kf6 $1 $17 34. h4 {[#]} e3 $1 {[%mdl 512]}) 34. Rxg6+ $4 {[%mdl 8192]} ({But not} 34. Rxf5 $2 Qh4 $19) (34. Qh5 $11 {and White stays safe.} Qe8 35. b5) 34... hxg6 $19 35. Qh5 $2 (35. Nc5 Qh4 36. Kg2) 35... Qf6 36. Nc5 Rh8 37. Qe2 Rxh3+ 38. Kg2 Rxc3 {( -> ...Qg5+)} 39. Qd2 Rf3 40. Rh1 f4 {Threatens to win with ...e3.} 41. b5 e3 42. Qd3 Rxf2+ 43. Kh3 Be7 {Precision: White = 35%, Black = 49%.} 0-1

[Event "2nd IMSA Basque 2017-Women"]
[Site "Huaian"]
[Date "2017.12.14"]
[Round "4"]
[White "Muzychuk, Anna"]
[Black "Kosteniuk, Alexandra"]
[Result "1-0"]
[WhiteElo "2582"]
[BlackElo "2557"]
[Annotator "TA"]
[PlyCount "67"]
[EventDate "2017.??.??"]
[EventType "tourn"]
[EventCountry "CHN"]
[SourceTitle "playchess.com"]
[Source "ChessBase"]
[SourceQuality "1"]

{[%evp 32,67,44,38,36,39,43,48,81,39,47,8,0,0,0,-16,160,193,165,183,217,217,422,232,223,212,262,240,449,439,574,574,681,677,670,653,637,630]} 1. e4 e5 2. Nf3 Nc6 3. Bb5 a6 4. Ba4 Nf6 5. O-O Be7 6. Re1 b5 7. Bb3 O-O 8. c3 d6 9. h3 h6 10. d4 Re8 11. Nbd2 Bf8 12. a3 Bb7 13. Bc2 Nb8 14. b4 Nbd7 15. Bb2 Nb6 {C93: Closed Ruy Lopez: Smyslov Variation} (15... c5 16. bxc5 exd4 17. cxd6 dxc3 18. Bxc3 Bxd6 19. e5 Nd5 20. Bb2 Bc7 {½-½ (20) Motylev,A (2665)-Erdos,V (2614) Minsk 2017}) 16. dxe5 dxe5 17. c4 $1 {LiveBook: 3 Games} Nxc4 {White is slightly better.} 18. Nxc4 bxc4 19. Nxe5 c5 20. Nxc4 {Black must now prevent e5.} Nxe4 $146 ({Predecessor:} 20... cxb4 21. e5 Qd5 22. Qxd5 Nxd5 {½-½ (30) Parma,B-Unzicker,W Berlin West 1971}) 21. Qg4 {[%cal Rc2e4]} Qc8 $1 {[%cal Rc8g4]} 22. Qf4 {[%cal Rc2e4]} Ng5 $1 23. h4 Nh3+ $2 ({Better is} 23... Ne6 $11 24. Qg4 (24. Qf5 g6 $15) 24... Nd4 25. Qxc8 Rxe1+ 26. Rxe1 Rxc8 27. Bxd4 cxd4) 24. gxh3 $16 Qxh3 {[%csl Gb7][%cal Rh3h1] [#]} 25. Be4 Re6 26. Ne5 {[%cal Bc4e5,Be5g4,Bg4f2][%mdl 32]} Bxe4 $2 (26... Rf6 27. Qe3 Qxe3 28. Rxe3 Bxe4) 27. Rxe4 $40 {[%mdl 128] White is out for blood.} ({Don't do} 27. Qxe4 Ree8 $18) (27. Qxf7+ $142 Kh7 28. Rxe4) 27... Rf6 $18 28. Qg3 Qf5 29. Rae1 Re8 $2 {[#]} (29... cxb4 30. axb4 Re6) 30. bxc5 {White is clearly winning.} Bxc5 31. Ng4 Bxf2+ 32. Qxf2 Qxf2+ 33. Nxf2 Rg6+ 34. Kf1 {Precision: White = 39%, Black = 30%.} 1-0

[Event "2nd IMSA Basque 2017-Women"]
[Site "Huaian"]
[Date "2017.12.14"]
[Round "4"]
[White "Ju, Wenjun"]
[Black "Lagno, Kateryna"]
[Result "1/2-1/2"]
[WhiteElo "2567"]
[BlackElo "2547"]
[Annotator "TA"]
[PlyCount "133"]
[EventDate "2017.??.??"]
[EventType "tourn"]
[EventCountry "CHN"]
[SourceTitle "playchess.com"]
[Source "ChessBase"]
[SourceQuality "1"]

{[%evp 10,133,0,5,44,11,49,51,62,55,56,54,92,76,102,31,37,0,46,-14,-27,-18,0,-28,-20,-20,-30,-45,-43,-47,0,0,22,25,26,19,42,46,31,0,35,34,25,9,14,0,41,8,75,0,15,0,0,0,51,0,0,0,134,123,122,144,121,60,44,0,6,-3,316,307,275,275,557,531,900,522,660,160,160,167,159,153,204,206,203,185,170,158,291,279,240,67,71,70,84,25,121,47,52,0,0,0,95,0,0,0,107,102,108,0,105,0,116,0,0,0,124,0,0,0,86,0,82,0,0,0]} 1. d4 Nf6 2. c4 g6 3. Nc3 d5 4. f3 Bg7 5. e4 dxe4 6. fxe4 {LiveBook: 23 Games} Bg4 {D80: Grünfeld: Unusual White 4th moves and 4 Bg5} (6... e5 7. d5 O-O 8. Nf3 Na6 9. Bd3 c6 10. O-O Nc5 11. Bc2 cxd5 12. cxd5 Bg4 13. Qe1 Nh5 14. Be3 Rc8 15. Qf2 b6 16. h3 Bd7 17. Rad1 f5 18. exf5 gxf5 19. Bg5 Qe8 20. d6 {0-1 (39) Uribe Arteaga,D (2304)-Sos Andreu,E (2361) Montcada 2016}) 7. Nf3 Bxf3 8. gxf3 e5 $146 {White is slightly better.} ({Predecessor:} 8... Nh5 9. Be3 Nc6 10. e5 Qd7 11. f4 O-O-O 12. d5 Nb4 13. Qb3 a5 14. O-O-O {1-0 (37) Sukhareva,V (1947)-Malin,A Voronezh 2011}) 9. d5 Nh5 10. Be3 Qh4+ 11. Bf2 Qf4 12. d6 (12. Qb3 $16 O-O 13. Qxb7) 12... c6 $14 13. c5 Nd7 14. Be2 (14. Bh3 $14) 14... Bh6 15. b4 O-O 16. b5 a6 17. bxc6 bxc6 18. Rb1 Rfb8 19. Rb3 a5 20. Na4 $36 {[%mdl 2048] White has good play.} Rb4 21. Nb6 Rd8 22. Nxd7 Rxd7 23. Rxb4 axb4 24. Ba6 {[%cal Be2a6,Ba6c4,Bc4b3][%mdl 32]} Nf6 25. O-O $1 {aiming for Bb5!} Ra7 26. Bc4 Nd7 27. Bb3 Qf6 28. Kg2 Bf4 (28... Qg5+ $11 29. Kh1 Qf6) 29. Qe1 (29. h4 $16) 29... Qg5+ $11 30. Bg3 h5 31. Kh1 ({Avoid the trap} 31. Qxb4 $2 h4 $19) 31... Bd2 (31... Bxg3 $11 32. hxg3 Nxc5) 32. Qf2 (32. f4 $1 $14 Bxf4 33. Qxb4) 32... Be3 33. Qe1 Bxc5 (33... Bd2 $11 34. Qe2 Be3) 34. f4 $1 $16 {[%cal Rf4g5]} exf4 35. Bxf4 Qg4 36. e5 ({White should play} 36. Bg3 $16 Nf8 37. Rf4) 36... Nf8 $1 $14 37. Bg3 Ne6 38. Rf6 (38. Qd1 $5 {[%cal Rd1g4]}) 38... Ng5 $2 {[%mdl 8192]} (38... Kg7 $11) 39. Rxg6+ $1 $18 Kf8 {[%cal Rg4f3]} 40. Rf6 h4 $2 (40... Qe4+ 41. Qxe4 Nxe4) 41. Rf4 Qh5 42. Bxh4 Nf3 43. Be7+ $2 (43. Qd1 $18 {White wants to mate with d7.} Qxe5 44. Qxf3 Qa1+ 45. Bd1 Bxd6 46. Rf6) 43... Rxe7 $16 44. dxe7+ Kxe7 {[%csl Gf3][%cal Rh5h2]} 45. Qe2 Qg5 (45... Qg6 $16 46. Rxf7+ Ke8) 46. Rxf7+ $18 Ke8 {[%csl Gc5,Gf3][%cal Rg5g1]} 47. Qf1 Nxe5 48. Rh7 Qg6 (48... Be7 $16 49. Be6 Kd8) 49. Rh8+ Kd7 {( -> ...Qe4+)} 50. Rh4 $2 (50. Qh3+ $18 Kc7 51. Qh7+ (51. Qc8+ Kb6 $11) 51... Qxh7 52. Rxh7+ Kd6 53. Rh4) 50... Kc7 $14 51. Rf4 Kb6 52. Qg2 {Threatens to win with Qxg6.} Qd6 (52... Qd3 $1 $11) 53. Rf1 ({White should try} 53. Qg3 $1 $16) 53... Qd4 54. Qg3 Qe4+ 55. Qg2 Qd4 {[#]} 56. Qg3 (56. Ba4 $1 $16) 56... Qe4+ $11 57. Qg2 Qd3 (57... Qd4 $11) 58. Rd1 Qf5 59. Rf1 Qd3 60. Rd1 (60. Bc2 $16 Qc3 61. Be4) 60... Qe3 (60... Qf5 $11) 61. Qg8 (61. Bc2 $16) 61... Qe4+ (61... Qf3+ $11 62. Qg2 Qf4) 62. Qg2 $16 Qe3 {intending ...Nd3.} 63. Qg8 (63. Bc2 $16) 63... Qf3+ $11 64. Qg2 {Black must now prevent Qxf3.} Qf4 {[#]} (64... Qe3 $11) 65. Rf1 (65. Ba4 $1 $16) 65... Qh4 (65... Qd4 $1 $11 {remains equal.}) 66. Qg3 ({Better is} 66. Bc2 $16) 66... Qe4+ $1 67. Qg2 {Precision: White = 29%, Black = 39%.} 1/2-1/2

[Event "2nd IMSA Basque 2017-Women"]
[Site "Huaian"]
[Date "2017.12.14"]
[Round "4"]
[White "Kosteniuk, Alexandra"]
[Black "Muzychuk, Anna"]
[Result "1/2-1/2"]
[WhiteElo "2557"]
[BlackElo "2582"]
[Annotator "TA"]
[PlyCount "70"]
[EventDate "2017.??.??"]
[EventType "tourn"]
[EventCountry "CHN"]
[SourceTitle "playchess.com"]
[Source "ChessBase"]
[SourceQuality "1"]

{[%evp 19,70,7,1,-15,0,1,12,-3,10,-4,0,0,0,-8,0,0,0,-45,-22,-33,-29,-45,-39,-43,-43,-51,-12,-9,-12,-16,-6,-8,-8,-6,-4,-5,-6,-10,-8,-13,0,-5,0,-20,0,-5,-2,-8,0,-4,0,-13,0]} 1. d4 f5 2. c4 Nf6 3. Nf3 g6 4. g3 Bg7 5. Bg2 O-O 6. O-O d6 7. Nc3 c6 8. d5 e5 9. dxe6 Bxe6 10. Qd3 Qe7 {LiveBook: 16 Partien. A88: Holländische Verteidigung (Leningrader Variante)} (10... Nbd7 11. Bf4 d5 12. Ng5 dxc4 13. Qd6 Bf7 14. Ne6 Bxe6 15. Qxe6+ Kh8 16. Qxc4 Re8 17. Rad1 Qa5 18. b4 Qb6 {1-0 (35) Harikrishna,P (2727)-Mamedyarov,S (2765) Beijing 2014}) 11. b3 Ne4 12. Bb2 Na6 {[%cal Bb8a6,Ba6c5,Bc5e4][%mdl 32] Droht stark ...Sb4.} 13. Nd4 $146 ({Vorgänger:} 13. a3 Rad8 14. Rad1 b5 15. Nd4 bxc4 16. bxc4 Nac5 17. Qe3 Bd7 18. f3 {½-½ (74) Retinsky,V (2440)-Tuturin,S Alushta 1997}) 13... Nac5 14. Qd1 Bf7 15. Nxe4 Nxe4 16. Qc2 d5 17. cxd5 Bxd5 18. Nf3 Bxb2 19. Qxb2 f4 20. Rac1 Rae8 21. Qd4 a6 22. Rfe1 g5 23. Nd2 {Die Stellung ist ausgeglichen.} fxg3 24. fxg3 Qe5 (24... Qg7 {looks sharper.} 25. Qxg7+ Kxg7 26. Nxe4 Bxe4 27. Bxe4 Rxe4 28. Rcd1 Rf7) 25. Qxe5 Rxe5 26. Nxe4 Bxe4 27. Bxe4 Rxe4 $11 {[%mdl 4096] Endspiel KTT-KTT} 28. Rcd1 Rfe8 29. Kf2 Rf8+ 30. Kg2 Rfe8 31. Rd2 g4 32. Kf2 Rf8+ 33. Kg2 Rfe8 34. Kf2 Rf8+ 35. Kg2 Rfe8 {Precision: Weiß = 55%, Schwarz = 42%.} 1/2-1/2

[Event "2nd IMSA Basque 2017-Women"]
[Site "Huaian"]
[Date "2017.12.14"]
[Round "4"]
[White "Lagno, Kateryna"]
[Black "Ju, Wenjun"]
[Result "0-1"]
[WhiteElo "2547"]
[BlackElo "2567"]
[Annotator "TA"]
[PlyCount "80"]
[EventDate "2017.??.??"]
[EventType "tourn"]
[EventCountry "CHN"]
[SourceTitle "playchess.com"]
[Source "ChessBase"]
[SourceQuality "1"]

{[%evp 23,79,0,4,0,0,-19,-25,-25,-21,-37,0,0,0,0,26,26,25,-66,-56,-95,-95,-188,-182,-277,-282,-268,0,-706,-720,-1099,-1091,-1312,-1290,-1472,-1424,-1477,-1457,-1894,-1908,-29990,-5577,-29988,-29989,-29989,-29986,-29993,-29993,-29993,-29994,-29995,-29995,-29995,-29996,-29997,-29998,-29998,-29999,-29999]} 1. e4 c5 2. Nf3 {[%cal Bg1f3,Bf3d4,Bd4b5][%mdl 32]} e6 3. d4 cxd4 4. Nxd4 Nc6 5. Nc3 Nf6 6. Ndb5 Bb4 7. a3 Bxc3+ 8. Nxc3 d5 9. exd5 Nxd5 10. Nxd5 exd5 11. Be2 O-O 12. O-O Bf5 {LiveBook: 4 Partien} 13. Bd3 {B45: Sizilianisch (Klassisches System)} (13. Be3 d4 14. Bf4 Qf6 15. Bg3 Qg6 16. Rc1 Rad8 17. Bd3 Rfe8 18. Qf3 Bxd3 19. cxd3 Re6 20. b4 a6 {½-½ (42) Ginsburg,G (2473)-Schuh,D (2368) Germany 2017}) 13... Qf6 14. Qh5 $146 ({Vorgänger:} 14. c3 Bxd3 15. Qxd3 d4 16. cxd4 Nxd4 17. Be3 Nf5 18. b4 Rfe8 19. Rac1 Rad8 20. Qb3 Nxe3 21. fxe3 {0-1 (46) Zupancic,U (1749)-Ahmatovic,M (1960) Otocec 2006}) 14... Bxd3 15. cxd3 {Schwarz hat minimalen Vorteil.} Qd4 16. Be3 Qxd3 17. Rad1 Qb3 18. Rxd5 Qxb2 19. Rb5 Qc3 20. Bc5 (20. Rxb7 $11 Nd4 21. Qg4) 20... Rfb8 $15 21. Bd6 Rd8 22. Bc7 {[#]} (22. Rd5 $17) 22... Rd7 $1 $19 {[%cal Rd7c7]} 23. Rxb7 {[#]} (23. Be5 {war nötig.} Nxe5 24. Rxe5) 23... Qd3 $1 24. Qg4 Rc8 $2 ({Günstiger ist} 24... h5 $19 25. Qa4 Nd4) 25. Bd6 $2 {[%mdl 8192]} (25. Bb6 $11 Ne5 26. Rxd7 Qxd7 27. Qxd7 Nxd7 28. Bxa7) 25... f5 26. Qa4 Rxb7 27. h3 Qxd6 28. Rd1 Qe6 29. Rc1 h6 30. Qa6 Rbc7 31. Qb5 Kh7 (31... Nd4 $142 32. Rxc7 Nxb5 33. Rxc8+ Qxc8 34. Kf1 Qc1+ 35. Ke2 Nc3+ 36. Kf3 Qd1+ 37. Kf4 g5+ 38. Ke5 Kf7 39. Kxf5 Qd7+ 40. Ke5 Qd5#) 32. Rf1 Nd4 {Schwarz setzt Matt.} 33. Qd3 Qe4 34. Qg3 Ne2+ 35. Kh2 Nxg3 36. fxg3 Rc2 {[%csl Gc2][%cal Re4g2]} 37. Rg1 Rd2 38. Kh1 {[#]} Rc1 $1 {[%csl Gd2][%cal Re4g2]} 39. Kh2 (39. Rxc1 Qxg2#) 39... Rxg1 40. Kxg1 Qxg2# {Precision: Weiß = 24%, Schwarz = 76%.} 0-1

[Event "2nd IMSA Basque 2017-Women"]
[Site "Huaian"]
[Date "2017.12.14"]
[Round "4"]
[White "Muzychuk, Mariya"]
[Black "Zhao, Xue"]
[Result "1/2-1/2"]
[WhiteElo "2544"]
[BlackElo "2477"]
[Annotator "TA"]
[PlyCount "104"]
[EventDate "2017.??.??"]
[EventType "tourn"]
[EventCountry "CHN"]
[SourceTitle "playchess.com"]
[Source "ChessBase"]
[SourceQuality "1"]

{[%evp 13,104,64,66,53,72,50,45,52,49,47,38,10,16,11,25,0,32,-25,-26,-20,-7,-13,-2,-53,-25,-52,-17,-20,-13,-19,-32,-29,-36,-47,-23,-82,-68,-64,-64,-62,-47,-47,-47,-62,-61,-85,-82,-84,-83,-83,-66,-67,-69,-82,-75,-84,4,4,4,8,8,8,12,8,8,8,30,0,0,0,0,0,7,0,0,0,0,0,0,0,0,0,0,0,0,0,0,0,0,0,0,0,0]} 1. e4 c6 2. d4 d5 3. Nc3 dxe4 4. Nxe4 Nf6 5. Nxf6+ gxf6 6. Nf3 Bf5 7. Bd3 Bg6 {LiveBook: 26 Partien} 8. Bf4 {B16: Caro-Kann (Nimzowitsch-Variante)} Nd7 9. O-O Bg7 10. Re1 {Weiß steht etwas besser.} O-O 11. Nh4 $146 ({Vorgänger:} 11. Qd2 Re8 12. Rad1 Nb6 13. Bg3 Qd7 14. c4 Rad8 15. b3 {½-½ (15) Fressinet,L (2705)-Le Roux,J (2537) Paris 2015}) 11... e6 12. Nxg6 hxg6 13. c3 f5 14. Qd2 Nf6 15. Bh6 (15. Bg5 $14) 15... Bxh6 $11 16. Qxh6 c5 17. Rad1 cxd4 18. cxd4 (18. Be2 $11 Qb6 19. Rd3 (19. Rxd4 Ne4 $11)) 18... Ng4 $36 {[%mdl 2048] Schwarz hat Druck.} 19. Qf4 Qb8 (19... Rc8 {looks sharper.} 20. b3 Re8 21. Bc4 Nf6 22. g3 Ne4) 20. Qxb8 Raxb8 21. Bc4 Rfc8 22. Bb3 Nf6 23. h4 Rd8 24. Re3 (24. d5 $11 Nxd5 25. Bxd5 exd5 26. Kf1) 24... Rd6 25. Rc3 Rbd8 26. Rc7 R8d7 27. Rxd7 Rxd7 $15 {[%mdl 4096] Endspiel KTL-KTS} 28. f3 f4 29. Kf2 Kg7 30. g4 fxg3+ $1 31. Kxg3 Kh6 32. Kf4 Nd5+ 33. Ke5 Kg7 34. Rc1 Ne7 {[#]} (34... Ne3 $17) 35. Bxe6 $1 $11 {[%mdl 512]} fxe6 36. Kxe6 Rxd4 {Und ...Sc6 würde nun gewinnen. KTS-KT} 37. Rc7 Kh6 {Und weiter mit ...Sf5 wäre nett.} 38. Rxe7 {KT-KT} Rb4 39. b3 a5 $1 40. Kf6 a4 {Die Stellung ist ausgeglichen.} 41. Re4 (41. bxa4 {with more complications.} Rxa4 42. Rxb7 Rxa2 43. Rb8 Ra6+ 44. Kf7) 41... Rb6+ 42. Re6 Rb4 43. bxa4 Rxa4 44. Kf7 Rxa2 45. Rxg6+ Kh5 46. Rg4 (46. f4 {is interesting.} Rf2 47. Rf6 b5 48. Ke6 b4 49. Rf8) 46... Rf2 47. Rf4 (47. Rb4 {feels hotter.} Rxf3+ 48. Ke6 b5 49. Rxb5+ Kxh4 50. Rb4+) 47... b5 48. Kf6 b4 49. Rxb4 {Schwarz muss nun f4 beachten.} Rxf3+ 50. Ke5 Rh3 51. Kf5 Rf3+ 52. Ke4 Rh3 {Precision: Weiß = 49%, Schwarz = 74%.} 1/2-1/2

[Event "2nd IMSA Basque 2017-Women"]
[Site "Huaian"]
[Date "2017.12.14"]
[Round "4"]
[White "Dzagnidze, Nana"]
[Black "Stefanova, Antoaneta"]
[Result "1-0"]
[WhiteElo "2522"]
[BlackElo "2500"]
[Annotator "TA"]
[PlyCount "49"]
[EventDate "2017.??.??"]
[EventType "tourn"]
[EventCountry "CHN"]
[SourceTitle "playchess.com"]
[Source "ChessBase"]
[SourceQuality "1"]

{[%evp 11,49,-15,8,8,9,9,12,0,11,6,5,7,19,3,9,0,4,-31,-16,-41,0,0,45,39,54,0,6,8,11,-41,-36,-39,37,8,41,43,55,31,52,62]} 1. d4 d5 2. Bf4 Nf6 3. e3 e6 4. Nf3 Bd6 5. Bg3 O-O 6. Nbd2 c5 {LiveBook: 77 Games. D02: 1 d4 d5 2 Nf3 sidelines, including 2...Nf6 3 g3 and 2...Nf6 3 Bf4} 7. dxc5 (7. c3 Qc7 8. Bd3 Nbd7 9. O-O b6 10. e4 Bxg3 11. hxg3 dxe4 12. Nxe4 Bb7 13. Qe2 Rfd8 14. Rad1 cxd4 15. Nxd4 a6 16. Rfe1 h6 {½-½ (37) So,W (2815)-Carlsen,M (2832) chess.com INT 2017}) 7... Bxc5 8. c4 Nc6 {The position is equal.} 9. a3 b6 $146 {[%cal Bb7b6,Bb6b5][%mdl 32]} ({Predecessor:} 9... a5 10. Qc2 Qe7 11. Bd3 Bd7 12. O-O Rac8 13. Rad1 Rfd8 {0-1 (59) Kovacevic,V (2515)-Plaskett,H (2450) Belgrade 1988}) 10. Be2 Bb7 11. cxd5 Qxd5 12. b4 Be7 $1 13. O-O Rfd8 14. Nc4 b5 {[#] ...Qxd1 is the strong threat.} 15. Ncd2 a5 16. bxa5 e5 17. Nb3 Qe6 18. Qb1 Nxa5 19. Nxa5 Rxa5 20. Nxe5 (20. Bxb5 $11 Be4 21. Qb2) 20... Ne4 $15 21. Nf3 $1 Nxg3 (21... Qc6 $15) 22. hxg3 $14 Be4 23. Qb2 {White is slightly better.} Bf6 24. Rad1 Rda8 ({Weaker is} 24... Bxb2 25. Rxd8+ Qe8 26. Rxe8#) 25. Nd4 {Precision: White = 54%, Black = 34%.} 1-0

[Event "2nd IMSA Basque 2017-Women"]
[Site "Huaian"]
[Date "2017.12.14"]
[Round "4"]
[White "Tan, Zhongyi"]
[Black "Harika, Dronavalli"]
[Result "0-1"]
[WhiteElo "2517"]
[BlackElo "2504"]
[Annotator "TA"]
[PlyCount "130"]
[EventDate "2017.??.??"]
[EventType "tourn"]
[EventCountry "CHN"]
[SourceTitle "playchess.com"]
[Source "ChessBase"]
[SourceQuality "1"]

{[%evp 21,130,-46,-32,-43,33,-46,-49,-85,-92,-154,-146,-155,-156,-142,-148,-189,-97,-99,-102,-145,-148,-158,-162,-235,-183,-251,-240,-249,-217,-489,-488,-473,-459,-584,-572,-543,-343,-377,-333,-745,-382,-482,-470,-1014,-470,-634,-638,-629,-616,-604,-514,-774,-766,-730,-508,-601,-550,-738,-730,-1827,-1775,-29982,-543,-527,-531,-529,-519,-588,-523,-504,-493,-521,-512,-532,-523,-562,-540,-560,-522,-617,-595,-797,-754,-797,-797,-797,-797,-796,-790,-877,-791,-1404,-1473,-1512,-1495,-1433,-1352,-1404,-1253,-1945,-1843,-2171,-2080,-2010,-1948,-6797,-5904,-12843,-12843,-12843,-12837]} 1. d4 d5 2. c4 e6 3. Nc3 c6 4. Nf3 Nf6 5. Bg5 {[%cal Bc1g5,Bg5h4,Bh4g3][%mdl 32]} h6 6. Bh4 g5 7. Bg3 dxc4 8. e4 b5 9. Be2 Bb7 10. O-O Nbd7 11. Qc2 {D43: Semi-Slav: 5 Bg5 h6} (11. Ne5 Bg7 12. Qc2 O-O 13. Rad1 Qe7 14. h4 Rad8 15. hxg5 hxg5 16. Nxd7 Nxd7 17. Bg4 a6 18. e5 c5 {0-1 (42) Korobov,A (2700)-Gelfand,B (2741) Berlin 2015}) 11... Nh5 {LiveBook: 13 Games} 12. Rad1 Bg7 $146 ({Better is} 12... Nxg3 $15 13. hxg3 Nf6) ({Predecessor:} 12... Nxg3 13. fxg3 Bg7 14. e5 O-O 15. h4 gxh4 16. gxh4 Qe7 17. Ne4 c5 {0-1 (25) Mamedjarova,T (2267)-Dzagnidze,N (2528) Riga 2017}) 13. e5 (13. Bd6 $14) 13... O-O $15 14. Ne4 Nxg3 15. fxg3 {[#]} ({White should try} 15. hxg3 c5 16. dxc5) 15... c5 $1 {[%mdl 512]} 16. dxc5 Bxe4 $1 17. Qxe4 {Black must now prevent Qc6.} Nxc5 18. Qg4 Nd3 (18... Qa5 $19 19. a3 Qc7) 19. Bxd3 $17 cxd3 20. h4 gxh4 $1 21. gxh4 Qd5 $1 22. Kh1 (22. Rfe1 $142) 22... Rad8 ({Don't take} 22... Qxa2 23. Rxd3 Rad8 24. Nd4 $17) 23. Rd2 (23. b3 {is a better defense.}) 23... Qc4 24. Qg3 Rd5 25. Rdf2 $2 (25. b3 {might work better.} Qe4 26. Rc1) 25... d2 $19 26. Rd1 Rfd8 $1 27. Kh2 {[%cal Rd1d2]} Qc2 28. Rff1 Qe4 29. Rf2 Kh8 {aiming for ...Rg8.} 30. b3 $2 (30. Rfxd2 Rxd2 31. Rxd2 Rxd2 32. Nxd2 Qxe5 33. b3) 30... Qe3 {And now ...Rg8 would win.} 31. Kh3 {White hopes to continue with Rdxd2!} Rd3 {Strongly threatening ...Bxe5.} 32. Rff1 (32. Rdxd2 $142 Bxe5 33. Rfe2 Qxe2 34. Rxe2 Bxg3 35. Kxg3) 32... R8d4 (32... Bxe5 $142 33. Qf2 Kg7) 33. Qf2 Qxe5 34. g3 Qf5+ 35. Kh2 Rd7 36. Qe2 (36. Ng1 $142 Qg4 37. Qf4) 36... Qg4 37. Qg2 Qb4 38. Rf2 Bc3 39. Ng1 Qg4 40. Ne2 Be5 41. Qh3 {[#]} Qxh3+ (41... Bxg3+ $142 $1 {[%mdl 512]} 42. Nxg3 Qxd1 43. a4 Qxb3 44. Qg4 d1=Q 45. Qf4 bxa4 46. Qxh6+ Kg8 47. Qg5+ Kh7 48. Qh5+ Qxh5 49. Nxh5 Rh3+ 50. Kg2 {[#]} Rd2 $1 {[%mdl 512]} 51. Kg1 Qd1+ 52. Rf1 Qg4+ 53. Ng3 Qxg3#) 42. Kxh3 {Black is clearly winning.} f5 43. Kg2 Re3 44. Nf4 Bxf4 45. gxf4 {[%mdl 4096] Endgame KRR-KRR} Red3 46. Re2 R7d6 47. Kf2 Kg7 48. Re5 a6 49. Ke2 Kf6 50. h5 Rh3 51. Rc5 Rxh5 52. Rc8 Rh2+ 53. Ke3 Rh3+ 54. Ke2 h5 {[%cal Bh6h5,Bh5h4,Bh4h3][%mdl 32]} 55. Rg8 h4 56. Rg2 Rhd3 57. Rh2 h3 58. Rhh1 R6d5 59. Rhf1 Ke7 60. Rf2 Kd6 61. Rff1 Kc5 62. Rg1 Kb4 63. Rg6 Rd6 64. Rg8 Ka3 65. Ra8 Kxa2 {Precision: White = 23%, Black = 74%.} 0-1